| 000 | 00524nam a2200181Ia 4500 | ||
|---|---|---|---|
| 008 | 151018s9999 xx 000 0 und d | ||
| 082 |
_bRBASDV41090 _a150 |
||
| 100 | _aRobin Sharma | ||
| 245 | _aFamily Wisdom fom the monk who sold his ferrari | ||
| 250 | _b1 | ||
| 260 |
_bJaico pub.house _c2005 |
||
| 300 | _a198 | ||
| 600 | _aRobin Sharma | ||
| 630 | _aFamily Wisdom fom the monk who sold his ferrari | ||
| 700 | _aRobin Sharma | ||
| 730 | _aFamily Wisdom fom the monk who sold his ferrari | ||
| 942 | _cBOOK | ||
| 999 |
_c1040363 _d1040360 |
||